000 00301nam a2200133Ia 4500
100 _aKumbhojkar / G.V
942 _cBK
654 _amathematics
245 _aProbability and Random Processes
260 _bC.Jamnadas&co.
_aPune
_c2006
082 _a519.2/KUM
_bKUM
546 _aENGLISH
999 _c28617
_d28617